प्रेम का कर्म / (Record no. 198074)

MARC details
000 -LEADER
fixed length control field 00701nam a22001817a 4500
005 - DATE AND TIME OF LATEST TRANSACTION
control field 20230913124338.0
010 ## - LCCN (DPL NO)
LC control number HIN-125951
020 ## - INTERNATIONAL STANDARD BOOK NUMBER
International Standard Book Number 9788194234067
Terms of availability 500.00
035 ## - SYSTEM CONTROL NUMBER
System control number HN-98297
037 ## - SOURCE OF ACQUISITION
Source of stock number/acquisition DBAD/PUB
082 ## - DEWEY DECIMAL CLASSIFICATION NUMBER
Classification number 158.1
100 ## - MAIN ENTRY--PERSONAL NAME
Personal name रोच, गेश माइकल
245 ## - TITLE STATEMENT
Title प्रेम का कर्म /
Statement of responsibility, etc गेश माइकल रोच
260 ## - PUBLICATION, DISTRIBUTION, ETC. (IMPRINT)
Place of publication, distribution, etc वाराणासी
Name of publisher, distributor, etc किशोर विद्या निकेतन
Date of publication, distribution, etc 2020
270 ## - ADDRESS
Address बी-2/236-ए -1 भदैनी
City वाराणसी
Postal code 221001
300 ## - PHYSICAL DESCRIPTION
Extent 547 पृ.;
Dimensions 22 सेमी (सजिल्द)
942 ## - ADDED ENTRY ELEMENTS (KOHA)
Item type Hindi Books
Source of classification or shelving scheme Dewey Decimal Classification
Classification part 158.1
Call number suffix रोचगे
Holdings
Withdrawn status Lost status Not for loan Collection code Home library Current library Date acquired Source of acquisition Cost, normal purchase price Full call number Barcode Copy number Cost, replacement price Koha item type
      Non-fiction Mobile Library Mobile Library 13/09/2023 DBAD/PUB 500.00 158.1 रोचगे HN-98297 1 500.00 Hindi Books

© Delhi Public Library
Hit Counter
free hit counter